000 00326 a2200169 4500
001 189126
020 _a85-08-08636-9
040 _cMagnum
100 _aSardella, Antonio
240 1 0 _aQuímica
_lpor
245 1 0 _aQuímica
300 _a320
362 0 _a2003
440 1 _aÁtica
697 _aQUÍMICA
942 _cBK
999 _c189126
_d189126